[Event "Britisch Columbia-ch"]
[Site "Vancouver"]
[Date "1995.??.??"]
[Round "2"]
[White "Basanta, Gary"]
[Black "Storey, Carl"]
[Result "1-0"]
[WhiteElo "2340"]
[BlackElo "2125"]

1.e4 c5 2.Nf3 Nc6 3.Nc3 g6 4.d4 cxd4 5.Nxd4 Bg7 6.Nb3 Nf6 7.Be2 O-O 8.O-O d6
9.Bg5 Be6 10.f4 Rc8 11.Kh1 Qd7 12.Qe1 h6 13.Bh4 Nh7 14.Rd1 Nb4 15.Bd3 Nxd3
16.cxd3 Bxb3 17.axb3 e6 18.d4 f5 19.e5 g5 20.Bg3 d5 21.Qe2 Rc6 22.Ra1 a6
23.Na4 Rfc8 24.Nc5 Qf7 25.Qe3 Bf8 26.b4 a5 27.bxa5 Bxc5 28.dxc5 Rxc5 29.Rfc1 Qe7
30.Rxc5 Rxc5 31.b4 Rc4 32.b5 d4 33.Qe1 Qd8 34.a6 bxa6 35.bxa6 d3 36.a7 d2
37.Qd1 Rc8 38.h3 Nf8 39.Kh2 Ng6 40.Qb3 Nf8 41.Bf2 gxf4 42.Bb6 Qg5 43.Bc5 Qg7
44.Bxf8 Qxe5 45.Ra5 Qxa5 46.Qxe6+ Kxf8 47.Qxc8+ Kf7 48.Qd7+ Kf6 49.Qd6+ Kf7  1-0

[Event "Vienna op"]
[Site "Vienna"]
[Date "1995.??.??"]
[Round "4"]
[White "Landa, Konstantin"]
[Black "El Ghazali, Youssef M"]
[Result "1-0"]
[WhiteElo "2515"]
[BlackElo "2315"]

1.e4 c5 2.Nf3 Nc6 3.Nc3 d6 4.d4 cxd4 5.Nxd4 Nf6 6.Be2 e5 7.Nf3 h6 8.O-O Be7
9.Re1 O-O 10.h3 Be6 11.Bf1 Nb8 12.Nb1 Nbd7 13.c4 Rc8 14.b3 a6 15.Bb2 Qa5
16.Nc3 b5 17.cxb5 axb5 18.Nxb5 Nc5 19.Nd2 Rfd8 20.Nc3 Qa8 21.Nc4 Ncxe4 22.Nxe4 Nxe4
23.Bd3 d5 24.Nxe5 Bc5 25.Re2 Qa7 26.Qe1 Bf5 27.Bxe4 Bxe4 28.Qd2 Re8 29.Nd3 Bb6
30.a4 Qb8 31.b4 Re6 32.Nf4 Rc2 33.Qxc2 Bxc2 34.Nxe6 Bd3 35.Rd2 Bc4 36.Nd4 Bxd4
37.Bxd4 Qxb4 38.Rb2 Qa5 39.Rb8+ Kh7 40.Rb2 Kg6 41.f3 f6 42.Kf2 h5 43.h4 Kf5
44.Kg1 Kg6 45.Kh1 Kf5 46.Kh2 Kg6 47.Kg1 Kf5 48.Bf2 Kg6 49.Rbb1 Ba6 50.Rc1 Qb4
51.Rc6 Qb2 52.Re1 Bc4 53.Rc7 Qa3 54.Ree7 Kf5 55.Rxg7 Qxa4 56.Kh2 Qc2 57.Be3 Qb2
58.Rce7 Bf1 59.Kg1 Be2 60.Rgf7 d4 61.Bg5 d3 62.Bxf6 Qb1+ 63.Kh2 Kg6 64.Be5 Qb6
65.Rg7+  1-0

[Event "Villalba op"]
[Site "Villalba"]
[Date "1995.??.??"]
[Round "7"]
[White "Bermejo, Luis"]
[Black "Romero Holmes, Alfonso"]
[Result "1/2-1/2"]
[WhiteElo "2160"]
[BlackElo "2435"]

1.e4 c5 2.Nc3 Nc6 3.Nge2 g6 4.g3 Bg7 5.Bg2 d6 6.O-O e6 7.d3 Nge7 8.f4 O-O
9.g4 f5 10.gxf5 gxf5 11.Be3 b6 12.Ng3 Bb7 13.exf5 Nxf5 14.Nxf5 Rxf5 15.Be4 d5
16.Bxf5 exf5 17.Ne2 d4 18.Bd2 Qd5 19.Ng3 Nb4 20.Rf2 h5 21.Qxh5 Nxc2 22.Rc1 Ne3
23.h3 Rf8 24.Kh2 Rf6 25.Bxe3 dxe3 26.Qe8+ Rf8 27.Qxe3 Bd4 28.Qd2 Bxf2 29.Qxf2 Qxd3
30.Rg1 Kf7 31.Nh5 Re8 32.Rg7+ Kf8 33.Rg8+ Kxg8 34.Qg1+ Kf7 35.Qg7+ Ke6 36.Qe5+ Kd7
37.Nf6+ Kc8 38.Qxe8+ Qd8 39.Qxd8+ Kxd8 40.Nh5 Ke7 41.Kg1  1/2-1/2

[Event "Vinkovci"]
[Site "Vinkovci"]
[Date "1995.??.??"]
[Round "?"]
[White "Zelcic, Robert"]
[Black "Rosandic, Denis"]
[Result "1-0"]
[WhiteElo "2500"]
[BlackElo "2385"]

1.e4 c5 2.Nf3 Nc6 3.Nc3 e5 4.Bc4 Be7 5.Ne2 Nf6 6.d3 O-O 7.O-O d5 8.exd5 Nxd5
9.Ng3 Kh8 10.Re1 f6 11.a3 Nd4 12.c3 Nc6 13.Bb3 Nf4 14.d4 cxd4 15.cxd4 Bg4
16.Be3 Bxf3 17.Qxf3 Ng6 18.d5 Nd4 19.Bxd4 exd4 20.Bc2 Bd6 21.Bxg6 hxg6 22.Ne2 Be5
23.Rad1 Re8 24.Kf1 Qb6 25.Rd3 Qxb2 26.Qg4 Qc2 27.Qxg6 Kg8 28.Nxd4 Qc4 29.Kg1 Bxh2+
30.Kxh2 Rxe1 31.Nf5 Qf4+ 32.Rg3 Kf8 33.Qxg7+ Ke8 34.Qxf6 Kd7 35.Qf7+ Kd8
36.Qf8+ Re8 37.Qf6+ Kc7 38.Qg7+ Kd8 39.d6  1-0

[Event "Vladivostok2 op"]
[Site "Vladivostok"]
[Date "1995.??.??"]
[Round "5"]
[White "Nevostrujev, Vladimir"]
[Black "Iskusnyh, Sergei"]
[Result "0-1"]
[WhiteElo "2410"]
[BlackElo "2430"]

1.e4 c5 2.Nc3 Nc6 3.Nge2 Nf6 4.d4 cxd4 5.Nxd4 e5 6.Ndb5 d6 7.Bg5 a6 8.Na3 b5
9.Bxf6 gxf6 10.Nd5 Bg7 11.c3 f5 12.exf5 Bxf5 13.Nc2 Be6 14.g3 O-O 15.Bg2 a5
16.O-O f5 17.a4 Rb8 18.Na3 bxa4 19.Nc4 e4 20.Rxa4 Ne5 21.Nxa5 Rxb2 22.Nf4 Bf7
23.Rb4 Rxb4 24.cxb4 d5 25.Nb3 Qb6 26.Nd4 Qxd4 27.Qxd4 Nf3+ 28.Bxf3 Bxd4 29.Bh5 Bxh5
30.Nxh5 Be5 31.b5 Rb8 32.Rb1 Rb6 33.Nf4 Bxf4 34.gxf4 Kf7 35.Rb3 d4 36.Kf1 Ke6
37.Ke2 Kd5 38.Rh3 Rxb5 39.Rxh7 d3+ 40.Ke3 Rb2 41.Rd7+ Kc5 42.Rc7+ Kd5  0-1

[Event "Vladivostok op"]
[Site "Vladivostok"]
[Date "1995.??.??"]
[Round "7"]
[White "Kovalev, Andrei"]
[Black "Gagarin, Vasilij"]
[Result "1/2-1/2"]
[WhiteElo "2545"]
[BlackElo "2440"]

1.e4 c5 2.Nf3 Nc6 3.Nc3 e5 4.Bc4 Be7 5.d3 d6 6.O-O Nf6 7.Ng5 O-O 8.f4 exf4
9.Bxf4 h6 10.Nf3 Be6 11.Nd5 Bxd5 12.Bxd5 Nxd5 13.exd5 Nd4 14.Nxd4 cxd4 15.Qg4 Kh8
16.Rae1 Rc8 17.Bxh6 gxh6 18.Qxd4+ f6 19.c4  1/2-1/2

[Event "AUT-chT9596"]
[Site "Vorarlberg"]
[Date "1995.??.??"]
[Round "1"]
[White "Feistenauer, Fred"]
[Black "Elkuch, Harald"]
[Result "1-0"]
[WhiteElo "2285"]
[BlackElo "2200"]

1.Nc3 c5 2.Nf3 Nc6 3.e4 d6 4.Bb5 Bd7 5.O-O a6 6.Bxc6 bxc6 7.d3 g6 8.e5 d5
9.Na4 e6 10.Be3 Qa5 11.b3 Rb8 12.c4 d4 13.Bc1 Ne7 14.Qd2 Qxd2 15.Nxd2 Nc8
16.Ne4 f5 17.Nf6+ Kd8 18.Bd2 Bg7 19.Ba5+ Ke7 20.Nxc5 Bxf6 21.exf6+ Kd6 22.Nxa6 Rb7
23.Bb4+ Ke5 24.f7 Rxb4 25.Nxb4 c5 26.Na6 Kd6 27.b4 cxb4 28.f4 g5 29.fxg5 Rf8
30.c5+ Ke7 31.Nxb4 Na7 32.Rf4 Rxf7 33.Rxd4 Rg7 34.h4 Nc6 35.Nxc6+ Bxc6 36.Rd6 Bd5
37.a4 h6 38.Rb1 hxg5 39.Rxd5  1-0

[Event "SLO-ch"]
[Site "Vrhnika"]
[Date "1995.??.??"]
[Round "?"]
[White "Simic, Dragan"]
[Black "Jelen, Igor"]
[Result "0-1"]
[WhiteElo "2255"]
[BlackElo "2400"]

1.e4 c5 2.Nf3 Nc6 3.Nc3 e5 4.Bc4 Be7 5.d3 Nf6 6.O-O O-O 7.Re1 d6 8.Nd2 Bg4
9.f3 Be6 10.Nf1 d5 11.Bb3 d4 12.Ne2 b5 13.Bxe6 fxe6 14.Nfg3 c4 15.f4 Qd7
16.Rf1 Rac8 17.a3 exf4 18.Nxf4 e5 19.Nfh5 Nxh5 20.Rxf8+ Rxf8 21.Qxh5 g6 22.Qe2 Qe6
23.Bh6 Rc8 24.Rf1 c3 25.b4 a5 26.bxa5 Bxa3 27.a6 Nd8 28.Bg5 Nf7 29.Bc1 Be7
30.Nf5 gxf5 31.exf5 Qxa6 32.Qg4+ Kh8 33.f6 Bf8 34.Qd7 Nh6 35.Ba3 Qxa3 36.Qxc8 Qd6
37.Ra1 Kg8 38.Ra6 Qd5 39.Ra8 Qf7 40.Qb8 Qxf6 41.Qxb5 Ng4 42.Qd5+ Qf7 43.Qxf7+ Kxf7
44.h3 Ne3 45.Ra2 e4 46.dxe4 d3 47.cxd3 c2 48.Ra1 Ba3  0-1

[Event "Wattens op"]
[Site "Wattens"]
[Date "1995.??.??"]
[Round "?"]
[White "Mueller, Georg"]
[Black "Baur, Helmut"]
[Result "1-0"]
[WhiteElo "2080"]
[BlackElo "1650"]

1.e4 c5 2.Nc3 Nc6 3.Nge2 e6 4.g3 a6 5.Bg2 Nf6 6.O-O Be7 7.d4 cxd4 8.Nxd4 d6
9.Nxc6 bxc6 10.e5 Nd5 11.exd6 Bxd6 12.Ne4 Ke7 13.c4 Nf6 14.Nxf6 gxf6 15.Bxc6 Rb8
16.Qe2 Bb7 17.Bxb7 Rxb7 18.b3 Qc7 19.Bb2 Be5 20.Ba3+ Kd7 21.Rad1+ Kc8 22.Bb2 Rb6
23.Bxe5 Qxe5 24.Qf3 Kc7 25.Rfe1 Qg5 26.Qd3  1-0

[Event "Wattens op"]
[Site "Wattens"]
[Date "1995.??.??"]
[Round "?"]
[White "Feiersinger, Gerhard"]
[Black "Ramroth, Stefan"]
[Result "0-1"]
[WhiteElo "1685"]
[BlackElo "1940"]

1.e4 c5 2.Nf3 Nc6 3.Nc3 g6 4.d4 cxd4 5.Nxd4 Bg7 6.Nxc6 bxc6 7.Bc4 Qa5 8.Qf3 Nf6
9.O-O O-O 10.Bd2 Rb8 11.h3 d5 12.Nxd5 Qxd2 13.Nxf6+ Bxf6 14.e5 Bxe5 15.Rad1 Qf4
16.Qxf4 Bxf4 17.b3 Bf5 18.Rd4 Be5 19.Rd2 Rfd8 20.Re2 Bf6 21.g4 Bc8 22.f4 Kf8
23.f5 g5 24.Rf3 Bb7 25.Kh2 Rd1 26.Rd3 Rd8 27.Ree3 R8xd3 28.Rxd3 Rxd3 29.cxd3 c5
30.Kg3 Be5+ 31.Kf2 f6 32.a3 a5 33.a4 Ke8 34.Be6 Kd8 35.Bf7 h6 36.Be6 Kc7
37.Bc4 Kd6 38.Bb5 Bf4 39.Bc4 Ke5 40.Bb5 Bd5  0-1

[Event "Wattens op"]
[Site "Wattens"]
[Date "1995.??.??"]
[Round "?"]
[White "Mueller, Georg"]
[Black "Czoeppan, Thomas"]
[Result "1/2-1/2"]
[WhiteElo "2080"]
[BlackElo "2075"]

1.e4 c5 2.Nc3 Nc6 3.Nge2 e6 4.g3 Nge7 5.Bg2 d6 6.d4 cxd4 7.Nxd4 Nxd4 8.Qxd4 Nc6
9.Qd1 Be7 10.O-O a6 11.Be3 Ne5 12.Qe2 Qc7 13.Bd4 Bf6 14.Na4 Nf3+ 15.Bxf3 Bxd4
16.c3 Bf6 17.Qe3  1/2-1/2

[Event "Wattens op"]
[Site "Wattens"]
[Date "1995.??.??"]
[Round "?"]
[White "Lawitsch, Guenther"]
[Black "Kondrak, Christoph"]
[Result "1-0"]
[WhiteElo "2205"]
[BlackElo "2060"]

1.e4 c5 2.Nc3 Nc6 3.Nge2 e5 4.Nd5 Nf6 5.Nec3 d6 6.g3 h5 7.h3 Be6 8.Bg2 Nd4
9.d3 h4 10.g4 Qd7 11.Nxf6+ gxf6 12.Nd5 Bxd5 13.exd5 f5 14.c3 Nb5 15.gxf5 Qxf5
16.Be4 Qd7 17.Qf3 Bh6 18.Qf6  1-0

[Event "NBG Open Weilburg"]
[Site "Weilburg"]
[Date "1995.??.??"]
[Round "6"]
[White "Golubev, Mihail"]
[Black "Liiva, Riho"]
[Result "1/2-1/2"]
[WhiteElo "2525"]
[BlackElo "2410"]

1.e4 c5 2.Nc3 Nc6 3.Nge2 e5 4.g3 d6 5.Bg2 Nge7 6.d3 g6 7.Bg5 Bg7 8.Nd5 h6
9.Bf6 O-O 10.f4 Bxf6 11.Nxf6+ Kg7 12.fxe5 dxe5 13.O-O c4 14.dxc4 Qb6+ 15.Kh1 Qxb2
16.Qd3 Nd4 17.Rab1 Qxc2 18.Qa3 Ndc6 19.Rb2 Qxc4 20.Nd5 Bg4 21.Bf3 Bxf3+ 22.Qxf3 f5
23.Rc1 Qxe4 24.Qxe4 fxe4 25.Nc7 b6 26.Nxa8 Rxa8 27.Nc3 e3 28.Nd1 Rd8 29.Nxe3 Rd3
30.Re1 h5 31.Rf2 Rd4 32.Kg2 Re4 33.Rc2 Kf7 34.Kf2 Rd4 35.a3 Rd3 36.Nc4 Ke6
37.h3 Rd4 38.Ne3 Rd3 39.a4 Rd4 40.Nc4 Rd5 41.Rd2  1/2-1/2

[Event "Sonnevanck-B"]
[Site "Wijk aan Zee"]
[Date "1995.??.??"]
[Round "8"]
[White "Peelen, Piet"]
[Black "Reeh, Oliver"]
[Result "1/2-1/2"]
[WhiteElo "2395"]
[BlackElo "2450"]

1.e4 c5 2.Nf3 Nc6 3.Nc3 g6 4.d4 cxd4 5.Nxd4 Bg7 6.Be3 Nf6 7.Nb3 O-O 8.Be2 b6
9.f4 d6 10.O-O Bb7 11.Bf3 Nd7 12.Qd2 Nc5 13.Rad1 Bxc3 14.bxc3 Qc7 15.Qe1 Rad8
16.h4 f6 17.h5 e6 18.Qg3 Qg7 19.hxg6 hxg6 20.Rf2 Ne7 21.Nxc5 dxc5 22.Rfd2 Rxd2
23.Rxd2 Bc8 24.Rd6 f5 25.e5 Qh6 26.Bf2 g5 27.Be2 Ng6 28.fxg5 Qh8 29.Bc4 Qxe5
30.Qxe5 Nxe5 31.Bxe6+ Bxe6 32.Rxe6 Ng4 33.Kf1 Kf7 34.Rc6 Re8 35.g6+ Kg7 36.Rc7+ Kxg6
37.Rxa7 Ne5 38.Ra6 Nd7 39.Bg3 Re6 40.a4 Kf6 41.Bc7 Ke7 42.Ra7 Rc6 43.Ke2 Rg6
44.g3 Ke6 45.Bf4 Ne5 46.a5 bxa5 47.Rxa5 Kd5 48.Ra8 Nc4 49.Rd8+ Ke6 50.Re8+ Kd5
51.Rd8+ Ke6 52.Kf3 Rg7 53.Re8+ Kd5 54.Rd8+ Ke6 55.Re8+ Kd5 56.Re1 Rg6 57.Rd1+ Kc6
58.Rd8 Rf6 59.Rc8+ Kd5 60.Rd8+ Kc6 61.Bg5 Ne5+ 62.Kg2 Rf7 63.Be3 Nc4 64.Bf4 Na3
65.Rc8+ Kd5 66.Be3 Nxc2 67.Rxc5+ Ke4 68.Bf4 Ne1+ 69.Kf1 Nd3 70.Rc7  1/2-1/2

[Event "Oberliga Wuert9495"]
[Site "Wuerttemberg"]
[Date "1995.??.??"]
[Round "?"]
[White "Bauer, Eckart"]
[Black "Oesterle, Peter"]
[Result "0-1"]
[WhiteElo "2300"]
[BlackElo "2375"]

1.e4 c5 2.Nc3 Nc6 3.Nge2 g6 4.d4 cxd4 5.Nxd4 Bg7 6.Nb3 Nf6 7.Be2 O-O 8.O-O d6
9.Bg5 Be6 10.Kh1 Na5 11.f4 Nc4 12.f5 Nxb2 13.Qe1 Bd7 14.a4 Rc8 15.Rf3 Rxc3
16.Bxf6 Rxf3 17.Bxg7 Kxg7 18.gxf3 Nxa4 19.Qd2 Qc7 20.Qd4+ Kg8 21.f6 exf6
22.Qxf6 Qc3 23.Qxd6 Be6 24.Qa3 b5 25.Rf1 Bh3 26.Rd1 Qe3  0-1

[Event "EU-ch U16"]
[Site "Zagan"]
[Date "1995.??.??"]
[Round "1"]
[White "Matikozian, Andranik"]
[Black "Dearing, Eddie"]
[Result "1-0"]
[WhiteElo "2300"]
[BlackElo "2060"]

1.e4 c5 2.Nc3 Nc6 3.Nf3 d6 4.Bc4 e6 5.d4 cxd4 6.Nxd4 Nf6 7.O-O a6 8.Bb3 Be7
9.Kh1 Qc7 10.f4 O-O 11.f5 Nxd4 12.Qxd4 Kh8 13.Bg5 b5 14.Rad1 Rd8 15.fxe6 fxe6
16.Bxf6 gxf6 17.Rxf6 e5 18.Qf2 Bg4 19.Rf7 Bxd1 20.Qf5  1-0

[Event "EU-ch U18 Girls"]
[Site "Zagan"]
[Date "1995.??.??"]
[Round "1"]
[White "Grigorian, Arusiak"]
[Black "Ciuksyte, Dagne"]
[Result "1-0"]
[WhiteElo "2145"]
[BlackElo "2225"]

1.e4 c5 2.Nf3 Nc6 3.Nc3 g6 4.Bb5 Nd4 5.O-O Bg7 6.Re1 e6 7.Bf1 Ne7 8.Nxd4 cxd4
9.Ne2 d5 10.exd5 e5 11.c4 b5 12.d3 O-O 13.Bg5 f6 14.Bd2 Qd6 15.Nc1 f5 16.Nb3 f4
17.a3 Rf7 18.Bb4 Qd8 19.Na5 Nf5 20.Nc6 Qg5 21.Nxe5 Bxe5 22.Rxe5 Bd7 23.Qf3 Qf6
24.Rae1 Nh4 25.Qe4 Bf5 26.Qxd4  1-0

[Event "EU-ch U18 Girls"]
[Site "Zagan"]
[Date "1995.??.??"]
[Round "3"]
[White "Grigorian, Arusiak"]
[Black "Hadzinikola, Eleni"]
[Result "1-0"]
[WhiteElo "2145"]
[BlackElo "2080"]

1.e4 c5 2.Nf3 Nc6 3.Nc3 e5 4.Bc4 h6 5.d3 d6 6.O-O g5 7.Nd5 Bg7 8.c3 Nge7
9.a3 a5 10.Be3 O-O 11.Qd2 Ng6 12.Nxg5 hxg5 13.Bxg5 Nce7 14.Nf6+ Bxf6 15.Bxf6 Nf4
16.g3 Qd7 17.f3 Nh3+ 18.Kh1 Kh7 19.f4 exf4 20.gxf4 Ng8 21.Bh4 Qg4 22.Bg3 Be6
23.Bb5 f5 24.Ba4 Nf6 25.Qg2 Rf7 26.Bd1 Qg6 27.Qxh3+ Kg7 28.Rg1 Kf8 29.Bf2 Qh7
30.Qxh7 Rxh7 31.Bf3 Ke7 32.Rae1 Kd7 33.Rg6  1-0

[Event "EU-ch U18 Girls"]
[Site "Zagan"]
[Date "1995.??.??"]
[Round "5"]
[White "Grigorian, Arusiak"]
[Black "Abishova, Anna"]
[Result "1-0"]
[WhiteElo "2145"]
[BlackElo "2035"]

1.e4 c5 2.Nc3 Nc6 3.Nf3 e6 4.Bb5 Qc7 5.O-O Nge7 6.Re1 a6 7.Bxc6 Nxc6 8.d4 cxd4
9.Nxd4 Be7 10.Nxc6 bxc6 11.e5 O-O 12.Qg4 f5 13.Qh5 Bb7 14.Bg5 Bxg5 15.Qxg5 f4
16.Qe7 Rf5 17.Qc5 Raf8 18.f3 Rh5 19.Rad1 Qd8 20.Ne4 Qh4 21.h3 d5 22.Nd6 Ba8
23.b4 Qg3 24.Kh1 g5 25.Qg1 g4 26.Qh2 gxf3 27.Qxg3+ fxg3 28.gxf3 Rxf3 29.Kg2 Rc3
30.Rd4 Rxc2+ 31.Kxg3 Rc3+ 32.Kf2 Rhxh3 33.Rg1+ Kf8 34.Rf4+  1-0

[Event "EU-ch U16"]
[Site "Zagan"]
[Date "1995.??.??"]
[Round "7"]
[White "Matikozian, Andranik"]
[Black "Antoniewski, Rafal"]
[Result "1-0"]
[WhiteElo "2300"]
[BlackElo "2250"]

1.e4 c5 2.Nf3 Nc6 3.Nc3 e5 4.Bc4 Be7 5.d3 d6 6.Nd2 Bg5 7.Nf1 Bxc1 8.Rxc1 Nge7
9.Ne3 O-O 10.O-O Be6 11.Ncd5 Bxd5 12.Bxd5 Nxd5 13.Nxd5 Ne7 14.Nxe7+ Qxe7
15.Qg4 Qe6 16.Qxe6 fxe6 17.c3 Rac8 18.f3 g5 19.Kf2 Rc6 20.Ke3 Kg7 21.a3 Kg6
22.Rf2 a5 23.a4 h6 24.Rfc2 Rfc8 25.Rh1 c4 26.h4 cxd3 27.Kxd3 d5 28.hxg5 hxg5
29.g4 Rf8 30.Rh3 Kf6 31.Rch2 Ke7 32.Rh7+ Kd6 33.Rxb7 Rxf3+ 34.Ke2 Rf4 35.exd5 Kxd5
36.Rb5+ Rc5 37.b3 Rxg4 38.Rh8 Rxb5 39.axb5 Rg2+ 40.Ke3 Rb2 41.c4+ Kc5 42.Rc8+ Kb6
43.Rc6+ Kb7 44.Rxe6 Rxb3+ 45.Ke4 a4 46.Kd5 a3 47.Kc5 a2 48.Re7+ Kc8 49.Kc6 Rd3
50.Ra7 Kb8 51.Rxa2 Rh3 52.b6 e4 53.Rf2 Rh6+ 54.Kb5 Rh8 55.c5 e3 56.Re2 Re8
57.c6 g4 58.Ka6 g3 59.c7+ Kc8 60.Rc2 Re6  1-0

[Event "EU-ch U18 Girls"]
[Site "Zagan"]
[Date "1995.??.??"]
[Round "10"]
[White "Grigorian, Arusiak"]
[Black "Lakos, Nikoletta"]
[Result "0-1"]
[WhiteElo "2145"]
[BlackElo "2275"]

1.e4 c5 2.Nf3 Nc6 3.Nc3 g6 4.Bc4 Bg7 5.O-O d6 6.Re1 Nf6 7.d4 cxd4 8.Nxd4 O-O
9.Bg5 Qa5 10.Nxc6 bxc6 11.Qd2 Qc7 12.Rad1 Ng4 13.h3 Ne5 14.Bb3 Re8 15.Kh1 Rb8
16.f4 Nd7 17.Qf2 Nc5 18.e5 Bf5 19.exd6 exd6 20.Qd2 d5 21.Bh4 a5 22.Bf2 Ne6
23.g4 Bxc3 24.Qxc3 Be4+ 25.Rxe4 dxe4 26.f5 Rbd8 27.Re1 Ng5 28.Bg3 Qe7 29.f6 Qb4
30.Qe3 Nf3 31.c3 Qf8 32.Re2 Rd3 33.Qa7 Nd2 34.Bf4 Nxb3 35.axb3 Rxh3+ 36.Kg2 Rf3
37.Bg5 h6 38.Rxe4 Rxe4 39.Kxf3 Re6 40.Bh4 g5 41.Bf2 Rxf6+ 42.Kg3 Qd6+ 43.Kg2 Qd5+
44.Kg1 Qd1+  0-1

[Event "Zagreb-ch"]
[Site "Zagreb"]
[Date "1995.??.??"]
[Round "?"]
[White "Kosanski, Stanko"]
[Black "Takac, Zvonko"]
[Result "1-0"]
[WhiteElo "2435"]
[BlackElo "2245"]

1.e4 c5 2.Nc3 Nc6 3.Nf3 d6 4.d4 cxd4 5.Nxd4 Nf6 6.g3 e5 7.Nb3 Be7 8.Bg2 Be6
9.O-O Qd7 10.Nd5 Bd8 11.f4 Ng4 12.f5 Bxd5 13.exd5 Bb6+ 14.Kh1 Nf2+ 15.Rxf2 Bxf2
16.dxc6 bxc6 17.Qf3 Bb6 18.Qxc6 Rc8 19.Qxd7+ Kxd7 20.c3 Ke7 21.Bd5 g6 22.fxg6 hxg6
23.a4 a5 24.Bd2 Rh5 25.c4 Rch8 26.h4 Rb8 27.Rb1 Rf5 28.Nxa5 Bxa5 29.Bxa5 Rb3
30.Bc3 Rf2 31.a5 f5 32.a6 Rxc3 33.a7 Rxg3 34.a8=Q Rf4 35.Qb7+ Ke8 36.Qc6+ Ke7
37.Qc7+ Ke8 38.Qc8+ Ke7 39.Qe6+  1-0

[Event "Zalakaros op"]
[Site "Zalakaros"]
[Date "1995.??.??"]
[Round "7"]
[White "Barczay, Laszlo"]
[Black "Kernazhitsky, Leonid"]
[Result "1-0"]
[WhiteElo "2400"]
[BlackElo "2275"]

1.e4 c5 2.Nf3 Nc6 3.Nc3 e6 4.Bb5 Nge7 5.O-O a6 6.Bxc6 Nxc6 7.d4 cxd4 8.Nxd4 d6
9.Re1 Be7 10.Nxc6 bxc6 11.Qg4 Kf8 12.e5 d5 13.Ne2 h5 14.Qf3 g6 15.c4 Kg7
16.cxd5 Qxd5 17.Qe3 c5 18.Nc3 Qc6 19.Ne4 Bb7 20.f3 Rad8 21.Bd2 Rd5 22.Nd6 f5
23.Rac1 h4 24.h3 Rh5 25.Rc2 Bg5 26.Qf2 Bxd2 27.Rxd2 f4 28.Rxd5 Qxd5 29.Ne8+ Kh6
30.Nf6 Qxa2 31.Qxc5 Qxb2 32.Ng4+  1-0

[Event "Zalakaros op"]
[Site "Zalakaros"]
[Date "1995.??.??"]
[Round "8"]
[White "Horvath, Tamas"]
[Black "Waller, Helmut"]
[Result "1-0"]
[WhiteElo "2410"]
[BlackElo "2210"]

1.e4 c5 2.Nc3 Nc6 3.Bb5 Nd4 4.Bc4 e6 5.Nge2 a6 6.Nxd4 cxd4 7.Ne2 Bc5 8.d3 Ne7
9.Ng3 d5 10.Bb3 Bb4+ 11.Bd2 Bxd2+ 12.Qxd2 O-O 13.O-O a5 14.a4 dxe4 15.Nxe4 b6
16.Rae1 Bb7 17.Qg5 Ng6 18.Qg3 Bd5 19.Bxd5 Qxd5 20.Nd6 Rad8 21.Nc4 Qc5 22.Re4 Rd5
23.Rfe1 Rfd8 24.h4 Ne7 25.Re5 Rxe5 26.Rxe5 Nd5 27.Rg5 Qf8 28.Qe5 h6 29.Rg4 Nb4
30.Nxb6 Nxc2 31.Qxa5 Nb4 32.Qb5 f5 33.Rg3 Nd5 34.Nxd5 Rxd5 35.Qb7 Qf7 36.Qb8+ Kh7
37.Qb3 Rc5 38.Qb6 Qe7 39.Rh3 Rc1+ 40.Kh2 Qc7+ 41.Qxc7 Rxc7 42.Kg3 Rc1 43.Kf4 Rb1
44.Ke5 Rxb2 45.Rf3 Ra2 46.Kxe6 g6 47.h5 gxh5 48.Rxf5 Rxa4 49.Ke5 Kg6 50.Rf6+ Kg7
51.Rf4 Kg6 52.Rxd4 Ra2 53.Rf4 h4 54.d4 Re2+ 55.Kd6 Kg5 56.Rf7 h5 57.d5 Kg4
58.Kc7 Rc2+ 59.Kd7 h3 60.gxh3+ Kxh3 61.d6 h4 62.Rf4 Rd2 63.Ke7 Re2+ 64.Kd8 Rc2
65.d7 Rd2 66.Ke7 Re2+ 67.Kd6 Rd2+ 68.Ke6 Rd1 69.Rf5 Kg2 70.Rd5 Re1+ 71.Kf7 h3
72.d8=Q h2 73.Rg5+  1-0

[Event "Zaragoza op-A"]
[Site "Zaragoza"]
[Date "1995.??.??"]
[Round "9"]
[White "Westerinen, Heikki MJ"]
[Black "Estremera Panos, Sergio"]
[Result "1/2-1/2"]
[WhiteElo "2405"]
[BlackElo "2320"]

1.e4 c5 2.Nc3 Nc6 3.Nge2 d6 4.g3 g6 5.Bg2 Bg7 6.O-O e6 7.d3 Nge7 8.Bg5 Rb8
9.Qd2 O-O 10.Bh6 e5 11.Bxg7 Kxg7 12.Nd5 Nd4 13.Nxe7  1/2-1/2

[Event "Deildakeppni 9596"]
[Site "Gardaboer"]
[Date "1996.03.??"]
[Round "?"]
[White "Olafsson, Helgi"]
[Black "Arnason, Jon L"]
[Result "1/2-1/2"]
[WhiteElo "2485"]
[BlackElo "2535"]

1.e4 c5 2.Nc3 Nc6 3.Nf3 e5 4.Nd5 Nf6 5.Bc4 d6 6.d3 h6 7.c3 g6 8.O-O Bg7 9.Re1 O-O
10.h3 Kh7 11.a3  1/2-1/2

[Event "Aegina op"]
[Site "Aegina"]
[Date "1996.??.??"]
[Round "7"]
[White "Vlassis, Georgios"]
[Black "Kouvatsou, Maria"]
[Result "0-1"]
[WhiteElo "2250"]
[BlackElo "2145"]

1.e4 c5 2.Nc3 Nc6 3.Nge2 d6 4.d4 cxd4 5.Nxd4 e5 6.Ndb5 a6 7.Na3 Be7 8.Nc4 b5
9.Ne3 Bg5 10.a4 Bxe3 11.Bxe3 b4 12.Nd5 Rb8 13.Be2 Nge7 14.O-O O-O 15.a5 Bb7
16.Bb6 Qd7 17.Bc4 Rfc8 18.Bb3 Nxd5 19.exd5 Ne7 20.Qd3 Rf8 21.f4 Ng6 22.f5 Nf4
23.Qd2 Qxf5 24.Bc7 Qg5 25.Kh1 Rbc8 26.Bxd6 Rfd8 27.Bxe5 Qxe5 28.Qxf4 Qxf4
29.Rxf4 Bxd5 30.Rxb4 g6 31.Bxd5 Rxd5 32.c3 Re8 33.Rb6 Rxa5 34.Rf1 f5 35.h3 Re2
36.Rd1 Kg7 37.Rb7+ Kh6 38.Kh2 Ra2 39.Rg1 Rc2 40.Ra7 Rcxb2 41.Rc7 f4 42.Rf7 Rf2
43.h4 Rac2 44.Ra7 Rxc3 45.Rxa6 Kh5 46.Ra7 Kg4 47.Kh1 h6 48.Ra6 Kh5 49.Kh2 Kxh4
50.Rh1 Kg5 51.Ra5+ Kg4 52.Kg1 Rc1+ 53.Kxf2 Rxh1 54.Ra4 g5 55.Ra3 Rb1 56.Rc3 Rb2+
57.Kg1 Re2 58.Kh2 Re3 59.Rc4 h5 60.Rc5 Re2 61.Kg1 h4 62.Rc8 Kg3 63.Kf1 Rxg2  0-1

[Event "Albert m"]
[Site "Albert"]
[Date "1996.??.??"]
[Round "1"]
[White "Smyslov, Vassily"]
[Black "Bacrot, Etienne"]
[Result "1/2-1/2"]
[WhiteElo "2510"]
[BlackElo "2470"]

1.e4 c5 2.Nc3 Nc6 3.Nf3 d6 4.Bb5 Bd7 5.O-O Nf6 6.Re1 e6 7.Bxc6 Bxc6 8.d4 cxd4
9.Nxd4 Be7 10.Bg5 O-O 11.Qd3 h6 12.Bh4 Qb6 13.Nxc6 bxc6 14.b3 Qb4 15.a3 Qb7
16.Na4 Rfd8 17.c4 c5 18.Rab1 Ng4 19.Bxe7 Qxe7 20.Qg3 Ne5 21.Nxc5 Nxc4 22.Nxe6 Qxe6
23.bxc4 Rac8 24.Qe3 Rxc4 25.Qxa7 Rxe4 26.Rxe4 Qxe4 27.Qb7 d5 28.h3 Qa4 29.Qc7 Rf8
30.Qd6 d4 31.Rb7 Qa5 32.Kh2 Rd8 33.Qe7  1/2-1/2

[Event "Donner mem op"]
[Site "Amsterdam"]
[Date "1996.??.??"]
[Round "3"]
[White "David, Alberto"]
[Black "Van der Wiel, John TH"]
[Result "0-1"]
[WhiteElo "2435"]
[BlackElo "2535"]

1.e4 c5 2.Nf3 Nc6 3.Nc3 g6 4.d4 cxd4 5.Nxd4 Bg7 6.Nb3 d6 7.Be2 Bxc3+ 8.bxc3 Nf6
9.Bh6 Nxe4 10.Bf3 Nf6 11.O-O Ne5 12.Bg7 Rg8 13.Bxf6 exf6 14.Be2 Kf8 15.Qd2 Kg7
16.Rad1 Re8 17.Qxd6 Qxd6 18.Rxd6 Be6 19.Nc5 Rac8 20.Nxe6+ Rxe6 21.Rxe6 fxe6
22.Rb1 b6 23.Rb3 f5 24.Kf1 Kf6 25.Ke1 g5 26.h3 Rc7 27.Kd2 Nd7 28.Rb4 Nc5
29.Bd3 h5 30.f3 h4 31.Rd4 Ke5 32.Rb4 Nd7 33.Rd4 Nf6 34.Bc4 Nh5 35.Bf1 Nf4
36.Rd8 Rc5 37.c4 Ra5  0-1

[Event "Andorra"]
[Site "Andorra"]
[Date "1996.??.??"]
[Round "4"]
[White "David, Alberto"]
[Black "Delchev, Aleksander"]
[Result "1/2-1/2"]
[WhiteElo "2435"]
[BlackElo "2510"]

1.e4 c5 2.Nf3 Nc6 3.Nc3 g6 4.d4 cxd4 5.Nxd4 Bg7 6.Nb3 Nf6 7.Be2 O-O 8.O-O d6
9.Kh1 Be6 10.f4 Qc8 11.Bd3 Nb4 12.a3 Nxd3 13.cxd3 Bxb3 14.Qxb3 Qc5 15.Bd2 e6
16.Rac1 Ng4 17.Nd1 Qh5 18.h3 b6 19.Nc3 Rfc8 20.f5 gxf5 21.exf5 d5 22.Ne2 Rxc1
23.Bxc1 Rc8 24.Qa4 exf5 25.Qd7 Rc2 26.Rxf5 Nf2+ 27.Rxf2 Rxe2 28.Qc8+ Bf8
29.Rf5 Re1+ 30.Kh2 Rxc1 31.Qxf8+ Kxf8 32.Rxh5 Rc2  1/2-1/2

[Event "RUS-ch sf"]
[Site "Arkhangelsk"]
[Date "1996.??.??"]
[Round "?"]
[White "Frolov, Denis"]
[Black "Skvortsov, A."]
[Result "0-1"]
[WhiteElo "2340"]
[BlackElo "2335"]

1.e4 c5 2.Nf3 Nc6 3.Nc3 Nf6 4.e5 Ng4 5.Qe2 Qc7 6.Nd5 Qb8 7.d4 cxd4 8.Bf4 e6
9.h3 Nb4 10.Nxb4 Bxb4+ 11.Kd1 Nf6 12.Bd2 Bxd2 13.Qxd2 Nd5 14.Qxd4 b5 15.Bd3 f6
16.Qh4 a6 17.Re1 Bb7 18.Qh5+ Kf8 19.Qh4 Qd8 20.Qd4 Qb6 21.Qh4 Qd8 22.Qd4 Rc8
23.exf6 Qxf6 24.Ne5 Ke7 25.c3 d6 26.Nf3 Nf4 27.Be4 Qxd4+ 28.Nxd4 Bxe4 29.Rxe4 e5
30.Kd2 Kf6 31.Ne2 g5 32.g3 Nxh3 33.Rh1 Kf5 34.Ke3 g4 35.Rd1 Rhd8 36.Rd5 h5
37.a4 Ke6 38.Rd1 d5 39.Rb4 Rf8 40.axb5 Nxf2 41.Ra1 Rf3+ 42.Kd2 axb5 43.Ra6+ Kf5
44.Rxb5 Ne4+ 45.Ke1 Rd8 46.Rbb6 Re3 47.Rh6 Nxg3 48.Kf2 Rxe2+ 49.Kxg3 Re3+
50.Kf2 Rh3 51.b4 Rc8  0-1

[Event "NLD-ch U20"]
[Site "Arnhem"]
[Date "1996.??.??"]
[Round "1"]
[White "Mellegers, Joost P"]
[Black "De Boer, Sybolt"]
[Result "1-0"]
[WhiteElo "2195"]
[BlackElo "2250"]

1.e4 c5 2.Nc3 Nc6 3.Nf3 g6 4.d4 cxd4 5.Nxd4 Bg7 6.Be3 Nf6 7.Nxc6 bxc6 8.e5 Nd5
9.Nxd5 cxd5 10.Qxd5 Rb8 11.Bxa7 Rxb2 12.Bd4 Rxc2 13.Bd3 e6 14.Qa8 Qh4 15.Bxc2 Qxd4
16.O-O O-O 17.Qe4 Qxe4 18.Bxe4 Bxe5 19.Rab1 Ba6 20.Rfe1 f6 21.Rb6 Bc4 22.a4 Rc8
23.Rc1 Rc7 24.a5 d5 25.Bd3 Bxd3 26.Rb8+ Kf7 27.Rxc7+ Bxc7 28.Rb7 Ke7 29.Rxc7+ Kd6
30.Rxh7  1-0